<?xml version="1.0" encoding="UTF-8"?>
<record
    xmlns:xsi="http://www.w3.org/2001/XMLSchema-instance"
    xsi:schemaLocation="http://www.loc.gov/MARC21/slim http://www.loc.gov/standards/marcxml/schema/MARC21slim.xsd"
    xmlns="http://www.loc.gov/MARC21/slim">

  <leader>02025nam0a2200361   4500</leader>
  <controlfield tag="001">RU\NLR\bibl\229963</controlfield>
  <controlfield tag="005">20260407071800.0</controlfield>
  <datafield tag="010" ind1=" " ind2=" ">
    <subfield code="a">5-88595-087-3</subfield>
    <subfield code="b">&#x412; &#x43F;&#x435;&#x440;.</subfield>
    <subfield code="9">300</subfield>
  </datafield>
  <datafield tag="021" ind1=" " ind2=" ">
    <subfield code="a">RU</subfield>
    <subfield code="b">2001-50877</subfield>
    <subfield code="9">2459</subfield>
  </datafield>
  <datafield tag="035" ind1=" " ind2=" ">
    <subfield code="a">(NLR Aleph) 000225929</subfield>
  </datafield>
  <datafield tag="090" ind1=" " ind2=" ">
    <subfield code="a">1314120</subfield>
    <subfield code="c">1314120</subfield>
  </datafield>
  <datafield tag="100" ind1=" " ind2=" ">
    <subfield code="a">20020129d2001    |||y0rusy50      ca</subfield>
  </datafield>
  <datafield tag="101" ind1="0" ind2=" ">
    <subfield code="a">rus</subfield>
  </datafield>
  <datafield tag="102" ind1=" " ind2=" ">
    <subfield code="a">RU</subfield>
  </datafield>
  <datafield tag="105" ind1=" " ind2=" ">
    <subfield code="a">a   |||||||||</subfield>
  </datafield>
  <datafield tag="200" ind1="1" ind2=" ">
    <subfield code="a">&#x41C;&#x430;&#x442;&#x435;&#x440;&#x438;&#x430;&#x43B;&#x44B; I &#x41A;&#x43E;&#x43D;&#x444;&#x435;&#x440;&#x435;&#x43D;&#x446;&#x438;&#x438; &#x43C;&#x43E;&#x43B;&#x43E;&#x434;&#x44B;&#x445; &#x441;&#x43F;&#x435;&#x446;&#x438;&#x430;&#x43B;&#x438;&#x441;&#x442;&#x43E;&#x432; &#x43D;&#x435;&#x444;&#x442;&#x44F;&#x43D;&#x43E;&#x439; &#x438; &#x433;&#x435;&#x43E;&#x43B;&#x43E;&#x433;&#x43E;&#x440;&#x430;&#x437;&#x432;&#x435;&#x434;&#x43E;&#x447;&#x43D;&#x43E;&#x439; &#x43E;&#x442;&#x440;&#x430;&#x441;&#x43B;&#x435;&#x439; &#x425;&#x430;&#x43D;&#x442;&#x44B;-&#x41C;&#x430;&#x43D;&#x441;&#x438;&#x439;&#x441;&#x43A;&#x43E;&#x433;&#x43E; &#x430;&#x432;&#x442;&#x43E;&#x43D;&#x43E;&#x43C;&#x43D;&#x43E;&#x433;&#x43E; &#x43E;&#x43A;&#x440;&#x443;&#x433;&#x430;, &#x433;. &#x41D;&#x438;&#x436;&#x43D;&#x435;&#x432;&#x430;&#x440;&#x442;&#x43E;&#x432;&#x441;&#x43A;, 24-26 &#x43E;&#x43A;&#x442;. 2000 &#x433;.</subfield>
  </datafield>
  <datafield tag="210" ind1=" " ind2=" ">
    <subfield code="a">&#x41C;.</subfield>
    <subfield code="c">&#x412;&#x41D;&#x418;&#x418;&#x41E;&#x42D;&#x41D;&#x413;</subfield>
    <subfield code="d">2001</subfield>
  </datafield>
  <datafield tag="215" ind1=" " ind2=" ">
    <subfield code="a">531 &#x441;.</subfield>
    <subfield code="c">&#x438;&#x43B;.</subfield>
    <subfield code="d">22</subfield>
  </datafield>
  <datafield tag="300" ind1=" " ind2=" ">
    <subfield code="a">&#x412; &#x43D;&#x430;&#x434;&#x437;&#x430;&#x433;.: &#x41F;&#x440;&#x430;&#x432;&#x438;&#x442;&#x435;&#x43B;&#x44C;&#x441;&#x442;&#x432;&#x43E; &#x425;&#x430;&#x43D;&#x442;&#x44B;-&#x41C;&#x430;&#x43D;&#x441;&#x438;&#x439;&#x441;. &#x430;&#x432;&#x442;. &#x43E;&#x43A;&#x440;., &#x41A;&#x43E;&#x43C;. &#x43F;&#x43E; &#x43D;&#x435;&#x444;&#x442;&#x438;, &#x433;&#x430;&#x437;&#x443; &#x438; &#x43C;&#x438;&#x43D;&#x435;&#x440;. &#x440;&#x435;&#x441;&#x443;&#x440;&#x441;&#x430;&#x43C;, &#x413;&#x423;&#x41F; "&#x41D;&#x430;&#x443;&#x447;.-&#x430;&#x43D;&#x430;&#x43B;&#x438;&#x442;. &#x446;&#x435;&#x43D;&#x442;&#x440; &#x440;&#x430;&#x446;&#x438;&#x43E;&#x43D;&#x430;&#x43B;. &#x43D;&#x435;&#x434;&#x440;&#x43E;&#x43F;&#x43E;&#x43B;&#x44C;&#x437;&#x43E;&#x432;&#x430;&#x43D;&#x438;&#x44F;" &#x425;&#x430;&#x43D;&#x442;&#x44B;-&#x41C;&#x430;&#x43D;&#x441;&#x438;&#x439;&#x441;. &#x430;&#x432;&#x442;. &#x43E;&#x43A;&#x440;., &#x414;&#x417;&#x410;&#x41E; "&#x41D;&#x438;&#x436;&#x43D;&#x435;&#x432;&#x430;&#x440;&#x442;&#x43E;&#x432;&#x441;&#x43A;&#x41D;&#x418;&#x41F;&#x418;&#x43D;&#x435;&#x444;&#x442;&#x44C;"</subfield>
  </datafield>
  <datafield tag="320" ind1=" " ind2=" ">
    <subfield code="a">&#x411;&#x438;&#x431;&#x43B;&#x438;&#x43E;&#x433;&#x440;. &#x432; &#x43A;&#x43E;&#x43D;&#x446;&#x435; &#x434;&#x43E;&#x43A;&#x43B;.</subfield>
  </datafield>
  <datafield tag="606" ind1="0" ind2=" ">
    <subfield code="a">&#x41D;&#x435;&#x444;&#x442;&#x44C;</subfield>
    <subfield code="j">&#x421;&#x44A;&#x435;&#x437;&#x434;&#x44B;, &#x441;&#x43E;&#x432;&#x435;&#x449;&#x430;&#x43D;&#x438;&#x44F; &#x438; &#x442;.&#x43F;.</subfield>
    <subfield code="x">&#x414;&#x43E;&#x431;&#x44B;&#x447;&#x430;</subfield>
    <subfield code="y">&#x425;&#x430;&#x43D;&#x442;&#x44B;-&#x41C;&#x430;&#x43D;&#x441;&#x438;&#x439;&#x441;&#x43A;&#x438;&#x439; &#x430;&#x432;&#x442;&#x43E;&#x43D;&#x43E;&#x43C;&#x43D;&#x44B;&#x439; &#x43E;&#x43A;&#x440;&#x443;&#x433;</subfield>
    <subfield code="9">2236054</subfield>
    <subfield code="3">RU\NLR\auth\661341924</subfield>
  </datafield>
  <datafield tag="606" ind1="0" ind2=" ">
    <subfield code="a">&#x413;&#x435;&#x43E;&#x43B;&#x43E;&#x433;&#x43E;&#x440;&#x430;&#x437;&#x432;&#x435;&#x434;&#x43E;&#x447;&#x43D;&#x44B;&#x435; &#x440;&#x430;&#x431;&#x43E;&#x442;&#x44B;</subfield>
  </datafield>
  <datafield tag="675" ind1=" " ind2=" ">
    <subfield code="a">622.276(571.122)(082)</subfield>
    <subfield code="v">3</subfield>
    <subfield code="z">rus</subfield>
  </datafield>
  <datafield tag="686" ind1=" " ind2=" ">
    <subfield code="a">52.13</subfield>
    <subfield code="2">rugasnti</subfield>
  </datafield>
  <datafield tag="686" ind1=" " ind2=" ">
    <subfield code="a">33.36</subfield>
    <subfield code="2">rubbk</subfield>
  </datafield>
  <datafield tag="686" ind1=" " ind2=" ">
    <subfield code="a">&#x418;361&#x44F;431</subfield>
  </datafield>
  <datafield tag="710" ind1="1" ind2="2">
    <subfield code="a">&#x41A;&#x43E;&#x43D;&#x444;&#x435;&#x440;&#x435;&#x43D;&#x446;&#x438;&#x44F; &#x43C;&#x43E;&#x43B;&#x43E;&#x434;&#x44B;&#x445; &#x441;&#x43F;&#x435;&#x446;&#x438;&#x430;&#x43B;&#x438;&#x441;&#x442;&#x43E;&#x432; &#x43D;&#x435;&#x444;&#x442;&#x44F;&#x43D;&#x43E;&#x439; &#x438; &#x433;&#x435;&#x43E;&#x43B;&#x43E;&#x433;&#x43E;&#x440;&#x430;&#x437;&#x432;&#x435;&#x434;&#x43E;&#x447;&#x43D;&#x43E;&#x439; &#x43E;&#x442;&#x440;&#x430;&#x441;&#x43B;&#x435;&#x439; &#x425;&#x430;&#x43D;&#x442;&#x44B;-&#x41C;&#x430;&#x43D;&#x441;&#x438;&#x439;&#x441;&#x43A;&#x43E;&#x433;&#x43E; &#x430;&#x432;&#x442;&#x43E;&#x43D;&#x43E;&#x43C;&#x43D;&#x43E;&#x433;&#x43E; &#x43E;&#x43A;&#x440;&#x443;&#x433;&#x430;</subfield>
    <subfield code="d">1</subfield>
    <subfield code="f">2000</subfield>
    <subfield code="e">&#x41D;&#x438;&#x436;&#x43D;&#x435;&#x432;&#x430;&#x440;&#x442;&#x43E;&#x432;&#x441;&#x43A;</subfield>
    <subfield code="3">RU\NLR\AUTH\8810035414</subfield>
    <subfield code="9">569111</subfield>
  </datafield>
  <datafield tag="801" ind1=" " ind2="0">
    <subfield code="a">RU</subfield>
    <subfield code="b">RKP</subfield>
    <subfield code="c">20020129</subfield>
    <subfield code="g">PSBO</subfield>
  </datafield>
  <datafield tag="801" ind1=" " ind2="1">
    <subfield code="a">RU</subfield>
    <subfield code="b">RKP</subfield>
    <subfield code="c">20020129</subfield>
  </datafield>
  <datafield tag="801" ind1=" " ind2="2">
    <subfield code="a">RU</subfield>
    <subfield code="b">NLR</subfield>
    <subfield code="c">20060914</subfield>
    <subfield code="g">rcr</subfield>
  </datafield>
  <datafield tag="942" ind1=" " ind2=" ">
    <subfield code="c">BOOK</subfield>
  </datafield>
  <datafield tag="980" ind1=" " ind2=" ">
    <subfield code="a">NB</subfield>
  </datafield>
  <datafield tag="995" ind1=" " ind2=" ">
    <subfield code="5">2002-02-18</subfield>
    <subfield code="a">ad</subfield>
    <subfield code="b">NLR01</subfield>
    <subfield code="c">NLR01</subfield>
    <subfield code="e">RF8</subfield>
    <subfield code="f">221554</subfield>
    <subfield code="k">2002-5/784</subfield>
    <subfield code="o">0</subfield>
    <subfield code="r">BOOK</subfield>
    <subfield code="s">20025784_</subfield>
  </datafield>
  <datafield tag="995" ind1=" " ind2=" ">
    <subfield code="5">2002-02-18</subfield>
    <subfield code="a">ad</subfield>
    <subfield code="b">NLR01</subfield>
    <subfield code="c">NLR01</subfield>
    <subfield code="e">RF8</subfield>
    <subfield code="f">221555</subfield>
    <subfield code="k">2002-5/784</subfield>
    <subfield code="o">0</subfield>
    <subfield code="r">BOOK</subfield>
    <subfield code="s">20025784_</subfield>
  </datafield>
</record>
